Größte Städte an der Weser - Statistiken

Allgemein
  • Dieses Quiz wurde 137 mal gespielt
  • Das Durchschnittsergebnis liegt bei 8 aus 20
Antwortstatistiken
Einwohner # Stadt % Korrekt
567.559 HB Bremen
100%
113.643 HB Bremerhaven
99%
81.716 NW MInden
70%
57.434 NI Hameln
65%
31.448 NI Nienburg/Weser
54%
28.808 NW Höxter
47%
23.609 NI Hann. Münden
42%
19.841 NI Holzminden
41%
35.631 NW Porta Westfalica
41%
27.706 NI Verden
40%
31.923 NI Achim
35%
25.424 NI Rinteln
35%
48.604 NW Bad Oeynhausen
33%
14,860 NI Brake (Unterweser)
33%
26.139 NI Nordenham
26%
25.119 NW Petershagen
26%
18.380 NW Vlotho
22%
18.112 NI Hessisch Oldendorf
12%
20.421 NI Schwanewede
4%
16.311 NI Loxstedt
3%
Keine übereinstimmenden Quizze gefunden
Verteilung der Resultate
Anzahl Personen mit jedem Resultat
Perzentil nach korrekt beantworteten Fragen
Ihre Resultats-Entwicklung
Sie haben dieses Quiz noch nicht gespielt